000 00755nam a22002057a 4500
005 20100810124343.0
010 _aENG-99209
020 _a9788190804493
_c135.00
035 _aEN-82741
037 _bDBAD/PUB
082 _a620.11223
100 _aRajakumar, P.
_910058
245 _aVital in corrosion science /
_cby Rajakumar, P.
260 _aCuddalore
_bRaghavan Pathippagam
_c(200?)
270 _aPeriyanvadavadi, Vijayamanagaram (po) , Vridhachalam (Tk)
_bCuddalore
_e606104
300 1 _a120p.
_bill.
_c20cm (pbk)
650 _aCorrosion
_910059
942 _2ddc
_cEN
_h620.11223
_mRAJ
999 _c40630
_d40630